000 00564nam a2200205Ia 4500
003 OSt
005 20230419093234.0
008 210423s2011 xx 000 0 und d
020 _a9789350248669
040 _cAL
041 _aeng
082 _a300.72 KRIO
100 _aKRISHNASWAMI (O R);RANGANATHAM (M).
_990340
245 _aMethodology of research in social sciences.
260 _aMumbai
_bHimalaya Publishing House
_c2011
300 _axii,445
_bPB
365 _b275
_cINR
906 _aMethodology ; research ; sciences. ; social
942 _2ddc
_cBK
999 _c160103
_d160103